LEADER 02167nam0 22004453i 450 001 MIL0074318 005 20251003044222.0 010 $a8814018286 100 $a20130827d1989 ||||0itac50 ba 101 | $aita 102 $ait 181 1$6z01$ai $bxxxe 182 1$6z01$an 200 1 $aˆIl ‰consenso al trattamento medico$epresupposti teorici e applicazioni giurisprudenziali in Francia Germania e Italia$fUbaldo G. Nannini 210 $aMilano$cGiuffre$d1989 215 $a581 p.$d26 cm. 225 | $aPubblicazioni della Facoltà giuridica dell'Università di Ferrara$i. Ser. 2$v24 410 0$1001CFI0031504$12001 $aPubblicazioni della Facoltà giuridica dell'Università di Ferrara$i. Ser. 2$v24$171201$aUniversità degli studi$c $b : Facoltà di giurisprudenza$3CFIV017952 606 $aMedici$xRapporti con I malati$xGiurisprudenza$xItalia$2FIR$3LO1C785433$9I 606 $aMedici$xRapporti con I malati$xGiurisprudenza$xFrancia$2FIR$3LO1C785434$9I 606 $aMedici$xRapporti con I malati$xGiurisprudenza$xGermania$2FIR$3LO1C785435$9I 676 $a344.0412$9LEGISLAZIONE DEL PERSONALE SANITARIO. MEDICI E CHIRURGHI$v19 676 $a344.0412$9Specifico personale sanitario e sue attivita$v21 676 $a344.4$9DIRITTO DEL LAVORO. EUROPA$v12 696 $aMalati$aRapporti 696 $aMalati$aRapporti 696 $aMalati$aRapporti 699 $aRapporti con i malati$xMalati$xRapporti 699 $aRapporti con i malati$xMalati$xRapporti 699 $aRapporti con i malati$xMalati$xRapporti 700 1$aNannini$b, Ubaldo G.$3CFIV110770$4070$0405486 801 3$aIT$bIT-000000$c20130827 850 $aIT-BN0095 901 $bNAP 01$cD $n$ 901 $bNAP 01$cGUERRAZZI $n$ 912 $aMIL0074318 950 0$aBiblioteca Centralizzata di Ateneo$d 01D (AR) 9 725$e 01AR 0070097255 VMA 1 v.$fY $h20160302$i20160302$c1 v.$d 01GUERRAZZI C 0149$e 0101 0000095755 VMA 1 v.$fA $h20080118$i20080118 977 $a 01 996 $aConsenso al trattamento medico$964696 997 $aUNISANNIO